• 首页
  • 本馆介绍
  • 公告通知
  • 最新文献
  • 馆藏检索
  • 电子资源
  • 读者导购
  • 参考咨询
  • 我的图书馆
  • 登录
  • 详细信息显示
  • 放入我的书架
  • 预约/预借图书
  • 作者相关作品
  • 分类相关作品
  • 丛书相关作品
  • 出版社相关作品

书目信息

  • 表格格式
  • 工作单格式
  • 卡片格式
题名:
幽默管理学
    
 
作者: 郭鑫 编著
分册:  
出版信息: 北京   中国社会出版社  2013.07
页数: 233页
开本: 24cm
丛书名:
单 册:
中图分类: C93-49
科图分类:
主题词: 管理学--通俗读物 , 管理学
电子资源:
ISBN: 978-7-5087-4448-3
000 00826nam0 2200253 450
001 012013163647
005 20160606165920.21
010    @a978-7-5087-4448-3@dCNY32.00
100    @a20130718d2013 em y0chiy0110 ea
101 0  @achi
102    @aCN@b110000
105    @ay z 000yy
106    @ar
200 1  @a幽默管理学@9you mo guan li xue@f郭鑫编著
210    @a北京@c中国社会出版社@d2013.07
215    @a233页@d24cm
330    @a本书作者摒弃了教科书式的讲解模式,把生硬深奥的管理知识融入到一个个精彩的幽默故事中,阐述了人才管理、沟通管理、激励管理、制度管理、团队管理、创新管理等方面的知识。
333    @a企业管理工作者
606 0  @a管理学@j通俗读物
606 0  @a管理学
690    @aC93-49@v5
701  0 @a郭鑫@9guo xin@c(企业管理)@4编著
801  0 @aCN@b人天书店@c20130718
905    @b878698-703@dC93-49@e525@f6
    
    幽默管理学/郭鑫编著.-北京:中国社会出版社,2013.07
    233页;24cm
    使用对象:企业管理工作者
    
    ISBN 978-7-5087-4448-3:CNY32.00
    本书作者摒弃了教科书式的讲解模式,把生硬深奥的管理知识融入到一个个精彩的幽默故事中,阐述了人才管理、沟通管理、激励管理、制度管理、团队管理、创新管理等方面的知识。
●
相关链接 在E读中查询图书 在五车中查询图书 在当当中查询图书 在豆瓣中查询图书


正题名:幽默管理学     索取号:C93-49/525         预约/预借

序号 登录号 条形码 馆藏地/架位号 状态 备注
1 878698   208786982   第一样本阅览室/ [索取号:C93-49/525] 在馆    
2 878699   208786991   教育系资料室/ [索取号:C93-49/525] 在馆    
3 878700   208787008   教育系资料室/ [索取号:C93-49/525] 在馆    
4 878701   208787017   教育系资料室/ [索取号:C93-49/525] 在馆    
5 878702   208787026   第一借阅区/ [索取号:C93-49/525] 在馆    
6 878703   208787035   第一借阅区/ [索取号:C93-49/525] 在馆    
唐山师范学院图书馆 欢迎您!
大连网信软件有限公司© 版权所有